000
00273nam a22001217a 4500
003
SGT
082
_a
616.12
_b
C90O
100
_a
OLSEN, ECKHARDT G.J.
245
_a
CARDIOMYOPATHY UPDATE-3
260
_a
JAPAN
_b
UNIVERSITY OF TOKYO
_c
1990
300
_a
366
942
_2
ddc
_c
BK
999
_c
14976
_d
14976